LEADER 01720nam a2200337 i 4500 001 000000185420 003 CaOOAMICUS 005 20100203000000.0 008 100203s2008 it u000 u ita u 013 $a163433 020 $a978-88-8335-968-2 040 $aSeMil$bita 100 1 $aGervasoni, Anna.$0(OLS)http://semarc/name/68139 245 10$aPrivate equity e venture capital :$bmanuale di investimento nel capitale di rischio /$cAnna Gervasoni [e] Fabio L. Sattin ; con contributi di Maurizio Bernardi ; Roberto Del Giudice ; Lorenzo Piccardi ; introduzione di E. James Hamilton ; prefazione di Elserino Piol. 260 $aMilano :$bGuerini,$ccopyr. 2008. 300 $a530 p. :$bgrafici e tabelle ;$c25 cm. 500 $aContiene : Bibliografia. 650 4$aImprese - Capitale di rischio.$0(OLS)http://semarc/subject/35015 650 4$aInvestimenti.$0(OLS)http://semarc/subject/35016 700 1 $aSattin, Fabio L.$0(OLS)http://semarc/name/68140 700 1 $aBernardi, Maurizio.$0(OLS)http://semarc/name/68141 700 1 $aPiol, Elserino.$0(OLS)http://semarc/name/68145 700 1 $aPiccardi, Lorenzo.$0(OLS)http://semarc/name/68143 700 1 $aHamilton, E. James.$0(OLS)http://semarc/name/68144 700 1 $aDel Giudice, Roberto.$0(OLS)http://semarc/name/68142 850 $aSeMil 852 $aSeMil$W1$xVenegono$y1$m3M V 200$j136111$B136111$CSeMilBibl$Z2$F148136 $81 961 $aOmaggio: Scalvinoni Elena 996 $6020$a978-88-8335-968-2$9(OLS)http://semarc/number/175559 996 $6245$aPrivate equity e venture capital :$bmanuale di investimento nel capitale di rischio$9(OLS)http://semarc/title/266448 996 $6260$aMilano :$bGuerini$9(OLS)http://semarc/publisher/31534 LEADER 01033nam a2200265 i 4500 001 000000075375 003 CaOOAMICUS 005 20110811000000.0 008 110811s2002 it u000 u ita u 013 $a46547 020 $a88-395-8314-9 040 $aSeMil$bita 100 1 $aZaccaria, Giuseppe.$0(OLS)http://semarc/name/4286 245 10$aPer studiare la letteratura italiana /$cGiuseppe Zaccaria, Cristina Benussi. 260 $aMilano :$bBruno Mondadori,$c2002. 300 $aXI, 208 p. ;$c22 cm. 490 0 $aCampus 700 1 $aBenussi, Cristina.$0(OLS)http://semarc/name/37208 830 0$aCampus.$0(OLS)http://semarc/title/13933 850 $aSeMil 852 $aSeMil$W1$xVenegono$y1$m1L IV 10$j41527$B41527$CSeMilBibl$Z2$F41531 $81 961 $aOmaggio: Pontiggia don Virginio 996 $6020$a88-395-8314-9$9(OLS)http://semarc/number/55835 996 $6245$aPer studiare la letteratura italiana$9(OLS)http://semarc/title/122228 996 $6260$aMilano :$bBruno Mondadori$9(OLS)http://semarc/publisher/31202